Vista normal
Vista MARC
Entrada Geographic Name
Número de registros utilizados en: 1
001 - CONTROL NUMBER
- control field: 4427
003 - CONTROL NUMBER IDENTIFIER
- control field: OSt
005 - DATE AND TIME OF LATEST TRANSACTION
- control field: 20200515174918.0
008 - FIXED-LENGTH DATA ELEMENTS
- fixed length control field: 200515|| aca||aabn | a|a d
040 ## - CATALOGING SOURCE
- Original cataloging agency: OSt
- Transcribing agency: OSt
151 ## - HEADING--GEOGRAPHIC NAME
- Geographic name: Japón
670 ## - SOURCE DATA FOUND
- Source citation: Work cat.: (OSt)5281: Ramírez Bonilla, Juan José, coordinador 4426, Japón ante la nueva configuración de Asia del Pacífico : , 2011